| 000 | 00595nam a2200193 i 4500 | ||
|---|---|---|---|
| 001 | 116057 | ||
| 003 | ES-MaACL | ||
| 005 | 20250717091857.0 | ||
| 007 | t| | ||
| 008 | 061121m19591962sp r ||||1| spa d | ||
| 100 | 1 |
_aOrts Llorca, Francisco ( _d1905-1993) _987673 |
|
| 245 | 1 | 0 |
_aAnatomía humana / _cFrancisco Orts Llorca. |
| 250 | _a2ª ed., rev. y con ad. de nuevas fig. | ||
| 260 |
_aBarcelona : _bCientífico Médica, _c1959-62. |
||
| 300 |
_a3 v. : _bil. ; _c24 cm. |
||
| 650 | 7 |
_aAnatomía humana _2embne _99801 |
|
| 852 |
_aES-MaACL _jP-1043-Bis _bR.49790 |
||
| 999 |
_c116057 _d116057 |
||